Enfoques gerenciales modernos: análisis de cada enfoque y factores críticos para su aplicación (Registro nro. 9497)
[ vista simple ]
| 000 -Cabecera | |
|---|---|
| Campo de control de longitud fija | 01181nam a22004097a 4500 |
| 005 - Fecha y hora de la última transacción | |
| Campo de control | 20250826145026.0 |
| 008 - Elementos de longitud fija--Información general | |
| Campo de control de longitud fija | 160912b1999 xxu||||| |||| 00| 0 spa d |
| 020 ## - International Standard Book Number | |
| Número Internacional Estándar del Libro (ISBN) | 9789587712759 |
| 041 ## - Idioma | |
| Código de idioma | Español |
| 082 ## - Clasificación Decimal Dewey | |
| Número de clasificación | 658.43 J64e2 |
| 100 ## - Entrada principal--Autor personal | |
| Nombre personal | Jofré Vartanian, Arturo |
| 9 (RLIN) | 42868 |
| 245 ## - Título propiamente dicho | |
| Título | Enfoques gerenciales modernos: análisis de cada enfoque y factores críticos para su aplicación |
| 260 ## - Pie de imprenta | |
| Lugar de publicación, distribución, etc. | Costa Rica |
| 260 ## - Pie de imprenta | |
| Nombre del editor, distribuidor, etc. | Ediciones Delphi |
| 260 ## - Pie de imprenta | |
| Fecha de publicación, distribución, etc. | 1999 |
| 300 ## - Descripción física | |
| Extensión | 374 páginas |
| 490 ## - Serie | |
| Título de la Serie | Dirección y Administración de Empresas |
| 650 ## - Materia general | |
| Temática (materia general) | GERENCIA INTERMEDIA |
| 650 ## - Materia general | |
| Temática (materia general) | EMPOWERMENT |
| 650 ## - Materia general | |
| Temática (materia general) | ORGANIZACIONES INTELIGENTES |
| 650 ## - Materia general | |
| Temática (materia general) | CLIMA ORGANIZACIONAL |
| 650 ## - Materia general | |
| Temática (materia general) | POLÍTICA DE EMPLEO PERMANENTE |
| 650 ## - Materia general | |
| Temática (materia general) | DOWNSIZING |
| 650 ## - Materia general | |
| Temática (materia general) | OUTSOURCING |
| 650 ## - Materia general | |
| Temática (materia general) | RIGHTSIZING |
| 650 ## - Materia general | |
| Temática (materia general) | MODELO DEMING |
| 650 ## - Materia general | |
| Temática (materia general) | MODELO CROSBY |
| 650 ## - Materia general | |
| Temática (materia general) | MODELO BALDRIGE DE CALIDAD TOTAL |
| 650 ## - Materia general | |
| Temática (materia general) | ENFOQUES GERENCIALES |
| 650 ## - Materia general | |
| Temática (materia general) | CALIDAD TOTAL |
| 650 ## - Materia general | |
| Temática (materia general) | SISTEMA ISO |
| 650 ## - Materia general | |
| Temática (materia general) | BENCHMARKING |
| 650 ## - Materia general | |
| Temática (materia general) | PLANIFICACIÓN ESTRATÉGICA |
| 650 ## - Materia general | |
| Temática (materia general) | REINGENIERÍA |
| 650 ## - Materia general | |
| Temática (materia general) | EMPOWERMENT |
| 942 ## - Punto de acceso adicional KOHA | |
| Tipo de ítem KOHA | Libro |
| Fuente del sistema de clasificación o colocación | Dewey Decimal Classification |
| Signatura completa | Código de barras | Programa Académico | Tipo de ítem |
|---|---|---|---|
| 658.43 J64e2 | 8578 | Dirección y Administración de Empresas | Libro |
| 658.43 J64e2 | 5926 | Dirección y Administración de Empresas | Libro |
| 658.43 J64e2 | 8732 | Dirección y Administración de Empresas | Libro |
| 658.43 J64e2 | 8733 | Dirección y Administración de Empresas | Libro |
| 658.43 J64e2 | 2819 | Dirección y Administración de Empresas | Libro |